000
00318nam a2200145Ia 4500
008
230917s9999||||xx |||||||||||||| ||und||
040
_e
134104
_a
MAIN
041
_a
English
082
_a
515 S55C
100
_a
Smith, E S
245
0
_a
Calculus
260
_a
New York
_b
Wiley
_c
1967
300
_a
520 p.
942
_c
BK
999
_c
94107
_d
94107